El color en arquitectura y decoración / (Record no. 78863)
[ view plain ]
| 000 -LEADER | |
|---|---|
| campo de control de longitud fija | 00609nam a2200205 i 4500 |
| 001 - NÚMERO DE CONTROL | |
| campo de control | 78863 |
| 003 - IDENTIFICADOR DE NÚMERO DE CONTROL | |
| campo de control | ES-MaACL |
| 005 - FECHA Y HORA DE LA ÚLTIMA TRANSACCIÓN | |
| campo de control | 20230906173834.0 |
| 007 - CAMPO FIJO DE DESCRIPCIÓN FÍSICA--INFORMACIÓN GENERAL | |
| campo de control de longitud fija | t| |
| 008 - DATOS DE LONGITUD FIJA--INFORMACIÓN GENERAL | |
| campo de control de longitud fija | 041018s1960 sp af |||| | spa d |
| 100 1# - ENTRADA PRINCIPAL--NOMBRE DE PERSONA | |
| Nombre de persona | Hayten, Peter J. |
| 9 (RLIN) | 62217 |
| 245 13 - MENCIÓN DEL TÍTULO | |
| Título | El color en arquitectura y decoración / |
| Mención de responsabilidad, etc. | Peter J. Hayten. |
| 260 ## - PUBLICACIÓN, DISTRIBUCIÓN, ETC. | |
| Lugar de publicación, distribución, etc. | Barcelona : |
| Nombre del editor, distribuidor, etc. | L.E.D.A., |
| Fecha de publicación, distribución, etc. | [1960] ( |
| Fabricante | Delriu) |
| 300 ## - DESCRIPCIÓN FÍSICA | |
| Extensión | 112 p., 4 lám. col. : |
| Otras características físicas | il. ; |
| Dimensiones | 25 cm. |
| 490 1# - MENCIÓN DE SERIE | |
| Mención de serie | Color en todo |
| 650 #4 - PUNTO DE ACCESO ADICIONAL DE MATERIA--TÉRMINO DE MATERIA | |
| Término de materia o nombre geográfico como elemento de entrada | Color en decoración interior. |
| 9 (RLIN) | 151449 |
| 830 0# - PUNTO DE ACCESO ADICIONAL DE SERIE-TÍTULO UNIFORME | |
| Título uniforme | Color en todo |
| 9 (RLIN) | 183613 |
| 852 ## - LOCALIZACIÓN | |
| Ubicación | ES-MaACL |
| Número de control de estantería | C-18435 |
| Estatus retirado | Estado de pérdida | Estado de daño | No para préstamo | Biblioteca de origen | Biblioteca actual | Ubicación en estantería | Fecha de adquisición | Fuente de adquisición | Total de préstamos | Signatura topográfica completa | Código de barras | Visto por última vez | Precio de reemplazo | Tipo de ítem Koha |
|---|---|---|---|---|---|---|---|---|---|---|---|---|---|---|
| Biblioteca del Ateneo de Madrid | Biblioteca del Ateneo de Madrid | Galería | 17/01/2008 | C-18435 | 1082476 | 23/02/2023 | 23/02/2023 | Libro impreso |
